Physics of semiconductors and nanostructures / (Record no. 705)

MARC details
000 -LEADER
fixed length control field 01906cam a22003258i 4500
001 - CONTROL NUMBER
control field 20909533
005 - DATE AND TIME OF LATEST TRANSACTION
control field 20250224105847.0
008 - FIXED-LENGTH DATA ELEMENTS--GENERAL INFORMATION
fixed length control field 190326q20192019flu b 001 0 eng c
010 ## - LIBRARY OF CONGRESS CONTROL NUMBER
LC control number 2019011928
020 ## - INTERNATIONAL STANDARD BOOK NUMBER
International Standard Book Number 148222304X
Qualifying information (hardback ;
-- alk. paper)
020 ## - INTERNATIONAL STANDARD BOOK NUMBER
International Standard Book Number 9781482223040
Qualifying information (hardback ;
-- alk. paper)
020 ## - INTERNATIONAL STANDARD BOOK NUMBER
Canceled/invalid ISBN 1315156806
Qualifying information (ebook)
020 ## - INTERNATIONAL STANDARD BOOK NUMBER
Canceled/invalid ISBN 9781315156804
Qualifying information (ebook)
020 ## - INTERNATIONAL STANDARD BOOK NUMBER
Canceled/invalid ISBN 9781482223064
Qualifying information ebook
040 ## - CATALOGING SOURCE
Original cataloging agency OU/DLC
Language of cataloging eng
Description conventions rda
Transcribing agency OU
042 ## - AUTHENTICATION CODE
Authentication code pcc
050 00 - LIBRARY OF CONGRESS CALL NUMBER
Classification number QC611
Item number .B25 2019
082 00 - DEWEY DECIMAL CLASSIFICATION NUMBER
Classification number 537.6221
Edition information 23
100 1# - MAIN ENTRY--PERSONAL NAME
Personal name Banerjee, Jyoti Prasad,
Relator term author.
9 (RLIN) 5388
245 10 - TITLE STATEMENT
Title Physics of semiconductors and nanostructures /
Statement of responsibility, etc. Jyoti Prasad Banerjee, Suranjana Banerjee.
263 ## - PROJECTED PUBLICATION DATE
Projected publication date 1906
260 #1 - PUBLICATION, DISTRIBUTION, ETC.
Place of publication, distribution, etc. Boca Raton, FL :
Name of publisher, distributor, etc. CRC Press, Taylor & Francis Group,
Date of publication, distribution, etc. [2019]
300 ## - PHYSICAL DESCRIPTION
Extent pages cm
504 ## - BIBLIOGRAPHY, ETC. NOTE
Bibliography, etc. note Includes bibliographical references and index.
505 0# - FORMATTED CONTENTS NOTE
Formatted contents note Crystalline structure of different semiconductors -- Quantum theory, energy bands of solids, effective mass and holes -- Physics of semiconductors -- Transport phenomena in semiconductors -- Low dimensional semiconductors -- Semiconductor heterojunctions, modulation doped quantum wells and superlattices -- Transport phenomena in quantum nanostructures under an electric field -- Effect of magnetic field on the transport phenomena in quantum nanostructures -- Optical properties of quantum nanostructures.
520 ## - SUMMARY, ETC.
Summary, etc. "This book covers the physics of semiconductor materials, basic concepts of quantum mechanics and nanoelectronics, band theory of solids, transport phenomena in semiconductors, and physics of low-dimensional quantum nanostructures, heterojunctions, and superlattices. The text is intended for junior- and senior-level undergraduate students"--
Assigning source Provided by publisher.
650 #0 - SUBJECT ADDED ENTRY--TOPICAL TERM
Topical term or geographic name entry element Semiconductors.
9 (RLIN) 687
650 #0 - SUBJECT ADDED ENTRY--TOPICAL TERM
Topical term or geographic name entry element Nanostructures.
9 (RLIN) 1617
700 1# - ADDED ENTRY--PERSONAL NAME
Personal name Banerjee, Suranjana,
Relator term author.
9 (RLIN) 5389
Holdings
Withdrawn status Lost status Source of classification or shelving scheme Damaged status Not for loan Home library Current library Date acquired Cost, normal purchase price Total checkouts Total renewals Full call number Barcode Date last seen Date last checked out Price effective from Koha item type
    Dewey Decimal Classification     KCST Library KCST Library 09/11/2021 39.00 2 2 537.6221 Ba Ph 1000000893 14/06/2023 14/02/2023 09/11/2021 Book
© 2025 KCST. All rights reserved